Bremená očami pracovného lekára

Postup pri realizácii NV SR č. 281/2006 Z. z. o minimálnych bezpečnostných a zdravotných požiadavkach pri ručnej manipulácii s bremenami. Faktory súvisiace s rizikom poškodenia zdravia pri ručnej manipulácii s bremenami. Smerné hmotnostné hodnoty. Ako sa chrániť pred úrazom a ochoreniami, keď pracuj...

ver descrição completa

Na minha lista:
Detalhes bibliográficos
Autor principal: Bršiak, Viliam
Formato: Capítulo de Livro
Idioma:eslovaco
Assuntos:
Tags: Adicionar Tag
Sem tags, seja o primeiro a adicionar uma tag!

MARC

LEADER 00000naa a2200000 4500
001 0260998
005 20200114091549.0
041 0 |a slo 
044 |a SK 
245 1 0 |a Bremená očami pracovného lekára  |c Viliam Bršiak 
520 |a Postup pri realizácii NV SR č. 281/2006 Z. z. o minimálnych bezpečnostných a zdravotných požiadavkach pri ručnej manipulácii s bremenami. Faktory súvisiace s rizikom poškodenia zdravia pri ručnej manipulácii s bremenami. Smerné hmotnostné hodnoty. Ako sa chrániť pred úrazom a ochoreniami, keď pracujeme s bremenami. Uplatňovanie ergonomických zásad pri práci s bremenami. Prevencia vzniku úrazov a chorôb z povolania. 
610 2 0 |a práca fyzická 
610 2 0 |a bezpečnosť práce 
610 2 0 |a ochrana zdravia 
610 2 0 |a úrazy pracovné 
610 2 0 |a choroby z povolania 
610 2 0 |a manipulácia s tovarom 
610 2 0 |a zamestnanci 
610 2 0 |a zamestnávatelia 
610 2 0 |a legislatíva 
610 2 0 |a ergonómia 
610 2 0 |a prevencia 
100 1 |a Bršiak, Viliam